000
00245nam a2200109Ia 4500
005
20251222155144.0
008
251222s9999||||xx |||||||||||||| ||spa||
082
_a
CIE.29
245
0
_a
Módulos de matemática
264
_b
No tiene
942
_c
LIB
999
_c
39295
_d
39295